00926cam a22002294a 450000100100000000500170001000800410002702000150006804000250008304100130010808200100012110000350013124501810016624600250034726000580037230000330043050000780046354600250054150400850056670000190065170000260067000001303020200929163127.0050426s2005 xx a b i000 0 spa  a1597820016 aDO-SdBNPcspadBNPHU0 aspaheng00a307.31 aFox, Catherineq(Catherine J.)10aTripartite partnerships =brecognizing the third sector : five case studies of urban revitalization in Latin America /cCatherine Fox with Jose Brakarz and Alejandro Cruz Fano.15aAlianzas tripartitas aWashington :bInter-American Development Bank,c2005. a88 p. :bcol. ill. ;c28 cm. aCinco estudios de casos en la revitalización urbana de América Latina aInglés y español aIncluye referencias bibliográficas y notas al pie de las páginas (p. 85-88).1 aBrakarz, Jose.1 aCruz Fano, Alejandro.